Diseño y validación de un medidor de humedad de bajo costo para camas de secado de café

Furkejuvvon:
Bibliográfalaš dieđut
Váldodahkki: Mata Marín, Francisco Eduardo, 1993-
Eará dahkkit: Willink Castro, Teodoro, 1986- Director de Proyecto Eléctrico
Materiálatiipa: Girji
Giella:Spanish
Almmustuhtton: [San José ], Costa Rica [2016]
Fáttát:
Fáddágilkorat: Lasit fáddágilkoriid
Eai fáddágilkorat, Lasit vuosttaš fáddágilkora!

MARC

LEADER 00000nam a22000007a 4500
003 012648
005 20230920135521.0
008 171002b2016 cr a|||| m||| 00| ||spa d
040 |c cru CEDI 
090 |a TFG 7799 
100 |9 1584  |a Mata Marín, Francisco Eduardo, 1993- 
245 |a Diseño y validación de un medidor de humedad de bajo costo para camas de secado de café 
260 |a [San José ], Costa Rica  |c [2016]  
300 |a xi, 49 hojas ; ilustraciones  
500 |a Proyecto de graduación (bachillerato en ingeniería eléctrica)--Universidad de Costa Rica. Facultad de Ingeniería. Escuela de Ingeniería Eléctrica 
501 |a Profesor Guía de IE-0499 Proyecto Eléctrico: M.Sc Teodoro Willink Castro 
650 |x CAFE - SECADO  |x DISPOSITIVOS ELECTROMECANICOS   |x ELECTRONICA - APARATOS E INSTRUMENTOS   |x INGENIERÍA ELECTRÓNICA   |x SENSORES   |9 9996 
700 |9 728  |a Willink Castro, Teodoro, 1986-  |d Director de Proyecto Eléctrico  
942 |c CEDI 
999 |c 19050  |d 19050